000 00312nam a22001457a 4500
008 210309b ||||| |||| 00| 0 eng d
020 _a9781133309741
041 _aeng
080 _22nd
_a159.9
082 _22nd
_a159.9
100 _a49
101 _aPSI
245 _aOn Course
_cWadsworth
942 _2udc
_cBK
999 _c56097
_d56097